Disclosure of Revenues in Financial Statements as a Decision Support System in Strategic Management

Salvato in:
Dettagli Bibliografici
Autore principale: Oriskóová, Denisa
Altri autori: Pakšiová, Renáta, 1974-
Natura: Capitolo di libro
Lingua:inglese
Soggetti:
Tags: Aggiungi Tag
Nessun Tag, puoi essere il primo ad aggiungerne!!

MARC

LEADER 00000nla a2200000 4500
001 0233955
005 20240502083623.1
041 0 |a eng 
044 |a RS 
245 1 0 |a Disclosure of Revenues in Financial Statements as a Decision Support System in Strategic Management  |c Denisa Oriskóová, Renáta Pakšiová 
500 |a Abstrakt 
610 2 0 |a uzávierka účtovná 
610 2 0 |a účtovníctvo 
610 2 0 |a manažment strategický 
610 2 0 |a legislatíva 
610 2 0 |a zisk 
100 1 |a Oriskóová, Denisa 
700 1 |a Pakšiová, Renáta, 1974-